| 000 | 00616nam a22002177a 4500 | ||
|---|---|---|---|
| 003 | BUBTL | ||
| 008 | 230327b ||||| |||| 00| 0 eng d | ||
| 020 | _a9788170129981 | ||
| 082 | _a346.004/ G151e/ 2001 | ||
| 100 |
_95260 _aGandhi, B. M. |
||
| 245 |
_aEquity, Trusts and Specific Relief : _bB. M. Gandhi |
||
| 250 | _a3rd edn. | ||
| 260 |
_aNew Delhi _bEastern Book Company _cc2001 |
||
| 300 |
_a[Lxvii], 498p. : _b21 cm. |
||
| 500 | _aIncludes Index | ||
| 650 | 0 |
_926 _aLaw |
|
| 700 |
_95260 _aGandhi, B. M. |
||
| 856 |
_k0 _l0 _yDownload |
||
| 942 |
_2ddc _cBK |
||
| 999 |
_c7003 _d7003 |
||